Sobre la suposicion (Registro nro. 50171)
[ vista simple ]
| 000 -LEADER | |
|---|---|
| fixed length control field | 00634nam a22002177a 4500 |
| 005 - DATE AND TIME OF LATEST TRANSACTION | |
| control field | 20150124130310.0 |
| 008 - FIXED-LENGTH DATA ELEMENTS--GENERAL INFORMATION | |
| fixed length control field | 140310t mxu||||| |||| 00| 0 spa d |
| 020 ## - INTERNATIONAL STANDARD BOOK NUMBER | |
| International Standard Book Number | 9682001994 |
| 050 ## - LIBRARY OF CONGRESS CALL NUMBER | |
| Classification number | BC60 |
| Item number | O26 1992 |
| 100 1# - MAIN ENTRY--PERSONAL NAME | |
| Personal name | Ockham, Guillermo de |
| 245 1# - TITLE STATEMENT | |
| Title | Sobre la suposicion |
| Statement of responsibility, etc | Vatta, Antonieta, tr. |
| 250 ## - EDITION STATEMENT | |
| Edition statement | 1a ed. |
| 260 ## - PUBLICATION, DISTRIBUTION, ETC. (IMPRINT) | |
| Place of publication, distribution, etc | México : |
| Name of publisher, distributor, etc | Universidad Panamericana, |
| Date of publication, distribution, etc | 1992 |
| 300 ## - PHYSICAL DESCRIPTION | |
| Extent | 37 p. ; |
| Dimensions | 23 cm. |
| 490 ## - SERIES STATEMENT | |
| Series statement | Revistas Topicos - monografías |
| 500 ## - GENERAL NOTE | |
| General note | Obra bilingüe |
| 504 ## - BIBLIOGRAPHY, ETC. NOTE | |
| Bibliography, etc | Inlcuye índice |
| 650 #4 - SUBJECT ADDED ENTRY--TOPICAL TERM | |
| Topical term or geographic name as entry element | Lógica |
| General subdivision | Preposicion (logica) |
| 700 ## - ADDED ENTRY--PERSONAL NAME | |
| Personal name | Vatta, Antonieta, tr. |
| 942 ## - ADDED ENTRY ELEMENTS (KOHA) | |
| Source of classification or shelving scheme | Clasificación Decimal Dewey |
| Koha item type | Libro |
| Estado de pérdida | Fuente de clasificación | Estado del daño | No para préstamo | Ubicación permanente | Ubicación actual | Apartado o colección | Fecha de adquisición | Fuente de adquisición | Área del conocimiento | Total Checkouts | Total Renewals | Clasificación | Código de Barras | Date last seen | Date checked out | Número de copia | Tipo de recurso |
|---|---|---|---|---|---|---|---|---|---|---|---|---|---|---|---|---|---|
| Biblioteca del Cogreso de los Estados Unidos | Biblioteca de la Facultad de Filosofía | Biblioteca de la Facultad de Filosofía | General | 10/03/2014 | 5 | 2 | BC60 O26 1992 | BFF000004608 | 16/12/2024 | 20/11/2024 | C:1 | Libro | |||||
| Biblioteca del Cogreso de los Estados Unidos | Biblioteca de la Facultad de Filosofía | Biblioteca de la Facultad de Filosofía | General | 10/03/2014 | 3 | 1 | BC60 O26 1992 | BFF000004609 | 10/01/2024 | 13/12/2023 | C:1 | Libro |